Análisis cualitativo en torno a la enseñanza de la postura corporal en la carrera de danza de la Universidad Academia de Humanismo Cristiano

Como estudiantes egresadas y artistas, consideramos fundamental realizarnos distintas interrogantes con respecto a la educación corporal actual, ya que como futuras pedagogas, es nuestra responsabilidad conocer las distintas maneras de abordar el proceso educativo, como así también cuestionarnos, in...

Full description

Bibliographic Details
Main Author: González Taylor, Natalia Carolina
Other Authors: Mallegas Vargas, María Soledad, Madrid Jofré, Marisol (profesora guía)
Format: Tesis
Language:Spanish
Published: Santiago, Chile: Universidad Academia de Humanismo Cristiano, 2015.
Subjects:
Online Access:Disponible en línea (PDF). Biblioteca Digital UAHC

MARC

LEADER 00000nmm a22000007a 4500
001 043631
003 UAHC_CL
005 20250526094640.0
008 150928s2015 cl o 000 spa
040 |a UAHC_CL  |c UAHC_CL  |d UAHC_CL 
100 1 |a González Taylor, Natalia Carolina 
245 1 0 |a Análisis cualitativo en torno a la enseñanza de la postura corporal en la carrera de danza de la Universidad Academia de Humanismo Cristiano  |c Natalia González, María Soledad Mallegas, profesora guía Marisol Madrid. 
260 |a Santiago, Chile:  |b Universidad Academia de Humanismo Cristiano,  |c 2015. 
300 |a 111 páginas. 
500 |a Tesis para optar al Título de Profesor/a de Danza, Licenciado/a en Danza. 
502 |a Tesis (Pedagogía en Danza) -- Universidad Academia de Humanismo Cristiano, 2015. 
516 |a Tesis electrónica (PDF). Solicitar envío de documento a biblioteca@academia.cl.  
520 |a Como estudiantes egresadas y artistas, consideramos fundamental realizarnos distintas interrogantes con respecto a la educación corporal actual, ya que como futuras pedagogas, es nuestra responsabilidad conocer las distintas maneras de abordar el proceso educativo, como así también cuestionarnos, investigar e innovar en las distintas teorías y prácticas que aborden la educación corporal. Se consideró que lo esencial para el proceso de aprendizaje de un ser humano, es esencial el desarrollo de la postura corporal, por lo cual este fue el tema central de esta investigación. De éste contenido esencial subyacen cuatro tópicos, que a nuestro juicio son fundamentales; autoimagen, conciencia corporal, homúnculo y esquema corporal, los cuales son responsables de la conformación del sujeto, por lo que la alteración de alguno de ellos, verán afectada a esta construcción y por ende a la postura corporal. 
650 0 |a Danza  |9 3902 
650 0 |a Danza  |x Aspectos Sociales  |z Chile  |9 3902 
700 1 |a Mallegas Vargas, María Soledad 
700 1 |a Madrid Jofré, Marisol  |e profesora guía 
856 |u http://bibliotecadigital.academia.cl/xmlui/handle/123456789/4437  |y Disponible en línea (PDF). Biblioteca Digital UAHC 
900 |a TDAN 95 
942 |c TS  |2 ddc 
952 |0 0  |1 0  |4 0  |6 TDAN_95_000000000000000  |7 0  |8 BAS  |9 81191  |a BS  |b BS  |c Digital  |d 2017-08-03  |l 0  |o TDAN 95  |r 2019-12-02 00:00:00  |w 2017-08-03  |y TS  |z Documento en PDF 
999 |c 43631  |d 43631